000 02464nam a2200421 4500
003 OSt
005 20260512081817.0
008 260512b |||||||| |||| 00| 0 aze d
040 _aAZ-XaKU
_baze
_cAZ-XaKU
041 _aaze
050 0 4 _aQA402.5 .N114 2015
100 1 _aNəbiyev, R.N,
_emüəllif.
245 1 _aAvtomatik optimallaşdırma sisteminin modelləşdirilməsi
_c/ R.N.Nəbiyev, V.İ.Finayev, A.A.Aybazova, Ə.T.Həzərxanov, A.Y.Molçanov, İ.M.Skubilin; rəyçilər V.N.İvançenko, A.Z.Məlikov ;tərcüməçilər A.Ə.Abdullabəyli, F.Ə.Mahmudlu
264 _aBakı:
_b"Azərbaycan Hava Yolları",
_c2015.
300 _a232 səhifə ;
_c21 sm.
336 _atext
_btxt
_2rdacontent
337 _aunmediated
_bn
_2rdamedia
338 _avolume
_bnc
_2rdacarrier
504 _aƏdəbiyyat siyahısı: s. 212-228
505 0 _aGiriş -- 1. Qeyri-müəyyənlik şəraitində avtomatik optimallaşdırma sisteminin sintezi metodların təhlilli -- 2. Qeyri-səlis adaptiv avtomatik optimallaşdırma sistemlərinin alqoritmləri -- 3. Avtomatik optimallaşdırma sistemərinin modelləşdirilməsi metodları -- 4. Texniki obyektlərin optimallaşdırılması məsələlərində qeyri-səlis modellərin tətbiqi
520 _aMonoqrafiyada zaman və ətraf mühitin qeyri-müəyyənlik şəraitində mürəkkəb obyektlərin avtomatik idarəetmə və optimallaşdırma sistemlərinin sintezi metodlarının analizi aparılmışdır. Adaptiv idarəetmə sistemlərinin strukturuna və texniki obyektlər üçün idarəetmə vasitələrinin qeyri-səlis statistik optimallaşdırma modellərinə baxılmışdır.
521 _aNəşr elmi və texniki işçilər, texniki ali məktəb tələbələri və aspirantları üçün təyin olunmuşdur.
546 _aMonoqrafiya Azərbaycan Dövlət Neft Şirkətinin "Elm Fondu"nun qrantı ilə tərcümə edilmişdir.
650 7 _aMühədislik
_2AZ-XaKU
655 _2AZ-XaKU
_aDərslik
700 1 _aFinayev, V.İ,
_qmüəllif.
700 1 _aAybazova, A.A,
_qmüəllif.
700 1 _aHəzərxanov, Ə.T,
_qmüəllif.
700 1 _aMolçanov, A.Y,
_qmüəllif.
700 1 _aSkubilin, İ.M,
_qmüəllif.
700 1 _aİvançenko, V.N,
_qrəyçi.
700 1 _aMəlikov, A.Z,
_qrəyçi.
700 1 _aAbdullabəyli, A.Ə,
_qtərcüməçi.
700 1 _aMahmudlu, F.Ə,
_qtərcüməçi.
700 1 _aMəmmədova, G.Ə,
_qkorrektor.
942 _cBOOK
999 _c415
_d415